[Event "Moscow Open RSSU Cup 2019"]
[Site "Moscow"]
[Date "2019.02.01"]
[Round "7"]
[White "Sjugirov, Sanan"]
[Black "Drygalov, Sergey"]
[Result "1-0"]
[WhiteElo "2663"]
[BlackElo "2442"]
[Annotator "TA"]
[PlyCount "77"]
[EventDate "2019.01.26"]
[EventType "swiss"]
[EventCountry "RUS"]
[SourceTitle "playchess.com"]
[Source "ChessBase"]
[SourceQuality "1"]

{[%evp 22,77,17,15,23,18,25,17,31,18,22,33,56,62,86,62,45,6,45,37,268,277,254,248,248,254,515,250,452,445,440,439,424,294,314,327,327,300,487,491,462,344,401,364,719,733,727,734,728,727,695,695,721,722,693,484,475,456]} 1. d4 Nf6 2. c4 ({Predecessor:} 2. Nf3 e6 3. g3 b6 4. Bg2 Bb7 5. c4 Be7 6. O-O O-O 7. b3 d5 8. cxd5 exd5 {1-0 (72) Kruppa,Y (2475)-Ovsejevitsch,S Nikolaev 1993}) 2... e6 3. Nf3 b6 4. g3 Ba6 $146 (4... Bb7 5. Bg2 Be7 6. O-O O-O 7. b3 d5 8. cxd5 exd5 {½-½ (59) Yu,Y (2760)-Liang,A (2572) chess.com INT 2018}) 5. b3 Bb4+ 6. Bd2 Be7 7. Bg2 d5 8. cxd5 exd5 9. Nc3 O-O 10. O-O Bb7 11. Bc1 Na6 ({Predecessor:} 11... c6 12. Bb2 {1-0 (72) Kruppa,Y (2475)-Ovsejevitsch,S Nikolaev 1993}) 12. Bb2 c6 {E17: Queen's Indian: 4 g3 Bb7 5 Bg2 Be7} (12... Re8 13. Rc1 c5 14. e3 Ne4 15. Re1 Bf6 16. Ne5 Nxc3 17. Bxc3 cxd4 18. exd4 Nc7 19. Bb2 Nb5 20. Bh3 Nd6 21. Nc6 Bxc6 22. Rxc6 Rxe1+ 23. Qxe1 {½-½ (59) Yu,Y (2760)-Liang,A (2572) chess.com INT 2018}) 13. Ne5 ({Predecessor:} 13. Rc1 Nc7 {1-0 (72) Kruppa,Y (2475)-Ovsejevitsch,S Nikolaev 1993}) 13... Nc7 14. Rc1 Ne6 {The position is equal.} 15. e3 Rc8 16. Re1 ({Predecessor:} 16. Nd3 c5 17. dxc5 bxc5 18. Na4 Qa5 19. Re1 {1-0 (72) Kruppa,Y (2475)-Ovsejevitsch,S Nikolaev 1993}) 16... c5 17. dxc5 bxc5 18. Rc2 Qa5 19. Ree2 {[%cal Rc3d5]} Rcd8 {With the idea ...d4.} 20. Red2 Ne4 $2 ({Black should play} 20... Qa6 $14) 21. Nxd5 $18 Bxd5 22. Rxd5 Rxd5 23. Qxd5 Qe1+ 24. Bf1 N6g5 $2 (24... Nf6 {might work better.} 25. Qd2 Qxd2 26. Rxd2 Rd8) 25. Nc6 Bd6 26. Kg2 Re8 27. Qd3 Qb1 28. h4 Ne6 29. Bc1 ({Not} 29. Qxe4 Nf4+ 30. exf4 Rxe4 $17) 29... f5 $2 (29... Nf6 30. Nxa7 Ra8) 30. Qc4 Qa1 31. Rb2 Bf8 32. Bd3 g6 $2 (32... Nd6 33. Qc2 g6 34. Nxa7 Bg7) 33. Bxe4 {White is clearly winning.} fxe4 {[#]} 34. Nd8 $1 {[%mdl 576] Deflection} Rxd8 35. Qxe6+ Kg7 36. Rc2 Kh6 37. Qxe4 Qf6 38. Qb7 {[#] Threatens to win with e4+.} Qe7 39. e4+ {Accuracy: White = 81%, Black = 35%.} 1-0

[Event "Moscow Open RSSU Cup 2019"]
[Site "Moscow"]
[Date "2019.02.01"]
[Round "7"]
[White "Ponkratov, Pavel"]
[Black "Zakhartsov, Vladimir"]
[Result "1-0"]
[WhiteElo "2630"]
[BlackElo "2483"]
[Annotator "RC"]
[PlyCount "89"]
[EventDate "2019.01.26"]
[EventType "swiss"]
[EventCountry "RUS"]
[SourceTitle "playchess.com"]
[Source "ChessBase"]
[SourceQuality "1"]
[TimeControl "40/5400+30:1800+30"]

1. d4 Nf6 {[%emt 0:18:27]} 2. c4 {[%emt 0:00:00]} g6 {[%emt 0:00:05]} 3. f3 {[%emt 0:00:00]} Nc6 {[%emt 0:02:05]} 4. e4 {[%emt 0:02:10]} e5 {[%emt 0:00:54]} 5. dxe5 {[%emt 0:00:06]} Nxe5 {[%emt 0:00:07]} 6. Nc3 {[%emt 0:00:07]} Bc5 7. Bf4 {[%emt 0:04:31]} Qe7 {[%emt 0:04:15]} 8. Qd2 {[%emt 0:03:41]} d6 {[%emt 0:02:41]} 9. O-O-O {[%emt 0:09:00]} Be6 {[%emt 0:03:16]} 10. Na4 {[%emt 0:05:02]} O-O-O {[%emt 0:06:11]} 11. Qc3 {[%emt 0:01:37]} Nh5 {[%emt 0:02:45]} 12. Bd2 Bf2 13. g4 {[%emt 0:19:44]} Bd7 {[%emt 0:06:03]} 14. Qa3 {[%emt 0:01:06]} Bxa4 {[%emt 0:03:17]} 15. Qxa4 {[%emt 0:00:20]} Bxg1 {[%emt 0:01:54]} 16. Rxg1 {[%emt 0:00:51]} Nxf3 17. gxh5 {[%emt 0:16:07]} Nxg1 {[%emt 0:00:18]} 18. Qxa7 {[%emt 0:00:04]} Nf3 19. Bc3 {[%emt 0:15:32]} Rhe8 {[%emt 0:06:16]} 20. Bh3+ {[%emt 0:04:25]} f5 {[%emt 0:00:02]} 21. exf5 {[%emt 0:00:07]} Qh4 {[%emt 0:00:29]} 22. Qa8+ {[%emt 0:00:39]} Kd7 {[%emt 0:00:02]} 23. Qxb7 {[%emt 0:00:05]} Qf4+ {[%emt 0:02:02]} 24. Kb1 {[%emt 0:00:10]} Ng5 {[%emt 0:10:16]} 25. Bd2 {[%emt 0:14:00]} Qd4 {[%emt 0:00:29]} 26. Qb5+ {[%emt 0:00:07]} Kc8 {[%emt 0:00:07]} 27. Bg2 {[%emt 0:01:07]} Ne4 {[%emt 0:00:28]} 28. fxg6 {[%emt 0:00:18]} Qd3+ {[%emt 0:00:59]} 29. Kc1 {[%emt 0:00:30]} Re5 {[%emt 0:00:46]} 30. Qa6+ {[%emt 0:00:16]} Kd7 {[%emt 0:01:46]} 31. Bf4 {[%emt 0:00:34]} Qe2 {[%emt 0:00:10]} 32. Bxe5 {[%emt 0:00:28]} Qxg2 {[%emt 0:00:08]} 33. Bf4 {[%emt 0:00:53]} Nc5 {[%emt 0:08:56]} 34. Qb5+ {[%emt 0:00:19]} Kc8 {[%emt 0:00:06]} 35. Be3 {[%emt 0:00:43]} hxg6 {[%emt 0:00:17]} 36. Bxc5 {[%emt 0:00:35]} Qg5+ 37. Kc2 {[%emt 0:01:18]} dxc5 {[%emt 0:00:11]} 38. Qa6+ {[%emt 0:00:06]} Kb8 {[%emt 0:00:01]} 39. Qb5+ {[%emt 0:00:22]} Kc8 {[%emt 0:00:46]} 40. Qa6+ {[%emt 0:00:00]} Kb8 {[%emt 0:00:00]} 41. Qxg6 {[%emt 0:00:13]} Qh4 {[%emt 0:00:08]} 42. Rxd8+ {[%emt 0:00:06]} Qxd8 {[%emt 0:00:02]} 43. a3 {[%emt 0:00:44]} Qd4 {[%emt 0:00:32]} 44. Kb3 {[%emt 0:00:06]} Qd1+ {[%emt 0:00:08]} 45. Ka2 {[%emt 0:00:04]} 1-0

[Event "Moscow Open RSSU Cup 2019"]
[Site "Moscow"]
[Date "2019.02.01"]
[Round "7"]
[White "Grachev, Boris"]
[Black "Khanin, Semen"]
[Result "1/2-1/2"]
[WhiteElo "2626"]
[BlackElo "2514"]
[Annotator "TA"]
[PlyCount "43"]
[EventDate "2019.01.26"]
[EventType "swiss"]
[EventCountry "RUS"]
[SourceTitle "playchess.com"]
[Source "ChessBase"]
[SourceQuality "1"]

{[%evp 11,43,22,25,13,18,18,18,5,16,14,87,55,59,55,66,14,6,17,8,0,2,-11,0,0,0,0,0,-12,-15,-22,13,0,0,-9]} 1. Nf3 Nf6 2. c4 $146 ({Predecessor:} 2. g3 g6 3. Bg2 Bg7 4. c4 O-O {½-½ (87) Oparin,G (2613)-Dubov,D (2703) St Petersburg 2018}) 2... g6 3. Nc3 Bg7 4. g3 O-O 5. Bg2 d5 6. cxd5 Nxd5 7. h4 {A16: English Opening: 1...Nf6 with ...d5} Nxc3 8. bxc3 e5 9. Qc2 Bf5 10. d3 ({Predecessor:} 10. e4 Bg4 11. d3 c5 12. Be3 b6 13. Nh2 Be6 14. h5 Nc6 15. hxg6 hxg6 {½-½ (87) Oparin,G (2613)-Dubov,D (2703) St Petersburg 2018}) 10... Nc6 (10... e4 $11 11. dxe4 Bxe4 12. Qxe4 Bxc3+ {[%mdl 64] Double Attack} 13. Nd2 Bxa1) 11. Nd2 h6 12. Rb1 Rb8 13. O-O ({White should try} 13. Ba3 $14) 13... Qd7 {The position is equal.} 14. Ne4 b6 15. Rd1 Kh7 16. Ba3 Rfe8 17. Qa4 {[#] Black must now prevent Nc5.} Na5 18. Qxd7 Bxd7 19. Bb4 Nc6 20. Ba3 Na5 21. Bb4 Nc6 22. Ba3 {Accuracy: White = 51%, Black = 57%.} 1/2-1/2

[Event "Moscow Open RSSU Cup 2019"]
[Site "Moscow"]
[Date "2019.02.01"]
[Round "7"]
[White "Timofeev, Artyom"]
[Black "Korchmar, Vasiliy"]
[Result "1-0"]
[WhiteElo "2592"]
[BlackElo "2424"]
[Annotator "TA"]
[PlyCount "103"]
[EventDate "2019.01.26"]
[EventType "swiss"]
[EventCountry "RUS"]
[SourceTitle "playchess.com"]
[Source "ChessBase"]
[SourceQuality "1"]

{[%evp 23,103,6,16,4,7,-11,-9,-8,8,0,0,0,0,3,0,0,0,0,14,-16,0,-5,-7,-9,-4,-9,-12,-12,-10,0,0,-5,22,27,23,27,27,15,23,23,23,21,22,21,37,38,81,64,61,81,181,187,157,93,244,197,264,256,257,236,243,254,314,312,294,292,272,267,456,423,490,489,645,618,670,551,663,605,2149,2043,29987,29988]} 1. d4 Nf6 2. c4 e6 3. Nc3 Bb4 4. e3 O-O 5. Bd3 d5 6. Nf3 dxc4 7. Bxc4 c5 8. O-O {[%cal Be1g1,Bg1f1,Bf1e2][%mdl 32]} b6 9. dxc5 Qxd1 10. Rxd1 Bxc5 11. b3 {E54: Nimzo-Indian: Rubinstein: Main Line: 7...dxc4 8 Bxc4} Nc6 12. Bb2 Bb7 {LiveBook: 3 Games} 13. Kf1 {The position is equal.} Rfd8 14. Ke2 {[#]} Kf8 $146 ({Predecessor:} 14... Be7 15. Rxd8+ Rxd8 16. Rd1 Rxd1 17. Nxd1 Kf8 18. Nc3 h6 {½-½ (43) Ivanchuk,V (2722)-Cheparinov,I (2677) Sibenik 2016}) 15. h3 Ke7 16. g4 h6 17. Rac1 Rac8 18. Bb5 Rxd1 19. Rxd1 Bb4 20. Bd3 Ke8 21. a3 Be7 22. Nd2 Ne5 23. Bb5+ Kf8 24. f4 Ng6 25. Rg1 Bc5 26. Rc1 Be7 27. Nf3 Ne4 28. Nxe4 {Hoping for Rxc8+.} Rxc1 29. Bxc1 {Bd3 is the strong threat.} Bxe4 30. Bd3 Bd5 31. b4 Nh4 32. e4 Bb7 33. Nd4 Bd6 34. e5 Bb8 35. Bb5 g5 36. Bc6 Ba6+ (36... Bc8 $16) 37. b5 $18 Bc8 {[#]} 38. Ba8 (38. Be4 $142 $1) 38... gxf4 $2 (38... Bd7 $16) 39. Bxf4 Ng6 (39... Bd7 $142 40. Bxh6+ Kg8) 40. Bxh6+ Ke8 41. Nc6 Bxe5 42. h4 {[%cal Bh3h4,Bh4h5][%mdl 32]} ({Don't play} 42. Nxa7 $6 Bd7) 42... Bb2 43. Nxa7 Bd7 44. h5 Ne7 45. a4 Nd5 $2 (45... e5 {was necessary.} 46. Kf3 f5 47. gxf5 Nxf5) 46. Kf3 Bh8 47. Bc6 Nc3 48. Nc8 Nxa4 49. Nd6+ Ke7 {[#]} 50. Nxf7 $1 {[%mdl 512]} Bxc6+ (50... Kxf7 51. Bxd7) 51. bxc6 Bc3 52. Bg5+ {Precision: White = 66%, Black = 36%.} 1-0

[Event "Moscow Open RSSU Cup 2019"]
[Site "Moscow"]
[Date "2019.02.01"]
[Round "7"]
[White "Pridorozhni, Aleksei"]
[Black "Korneev, Oleg"]
[Result "1/2-1/2"]
[WhiteElo "2568"]
[BlackElo "2545"]
[Annotator "TA"]
[PlyCount "72"]
[EventDate "2019.01.26"]
[EventType "swiss"]
[EventCountry "RUS"]
[SourceTitle "playchess.com"]
[Source "ChessBase"]
[SourceQuality "1"]

{[%evp 18,72,13,10,20,10,10,16,12,15,12,10,15,8,19,0,16,17,20,0,0,0,0,-5,-8,-9,-7,-23,0,0,0,0,0,-8,20,0,0,0,0,0,0,-60,-58,-61,-60,-125,-58,-64,0,0,0,-64,0,0,0,-64,0]} 1. e4 e5 2. Nf3 Nc6 3. Bb5 Nf6 4. O-O Nxe4 5. d4 Nd6 6. Bxc6 dxc6 7. dxe5 Nf5 8. Qxd8+ Kxd8 9. h3 ({Predecessor:} 9. Nc3 Ke8 {1-0 (20) Timmermans,I (2226)-Spanton,T (1982) Guernsey 2008}) 9... Ke8 10. Nc3 h5 {C67: Ruy Lopez: Berlin Defence: 4 0-0 Nxe4} ({Predecessor:} 10... Be7 11. b3 Be6 12. Bg5 Rd8 13. Rad1 h5 14. Rxd8+ Bxd8 15. Rd1 {1-0 (20) Timmermans,I (2226)-Spanton,T (1982) Guernsey 2008}) 11. Bg5 $146 (11. Ne2 b6 12. Bg5 c5 13. Nc3 Bb7 14. Rfd1 Bxf3 15. gxf3 c6 16. Rd3 Be7 17. Ne4 Rd8 18. Rad1 Rxd3 19. Rxd3 Bxg5 20. Nxg5 {½-½ (33) Vachier Lagrave,M (2781)-Nakamura,H (2746) London 2018}) 11... Be6 12. Rfd1 Be7 {The position is equal.} 13. b3 Rd8 14. Rxd8+ Kxd8 15. Rd1+ Ke8 16. Bxe7 Kxe7 17. Ne2 h4 ({Predecessor:} 17... a5 18. Nf4 c5 19. Ng5 b6 20. Ngxe6 {1-0 (20) Timmermans,I (2226)-Spanton,T (1982) Guernsey 2008}) 18. c4 c5 19. Ng5 a5 20. Ne4 b6 21. N4c3 Ra8 22. Nb5 c6 (22... Rd8 {feels hotter.} 23. Rxd8 Kxd8 24. Nbc3 Nd4 25. Nf4 Bf5) 23. Nbc3 Rd8 24. Rxd8 Kxd8 $11 {[%mdl 4096] Endgame KBN-KNN} 25. Nf4 Bd7 26. Kf1 Nd4 27. Ke1 Bf5 28. Kd2 Kd7 29. Nfe2 (29. Na4 $11) 29... Ke6 $15 30. f4 {[#]} g5 $1 {[%mdl 512]} 31. Ke3 (31. fxg5 Kxe5) 31... Nc2+ (31... Nxe2 $17 32. Nxe2 gxf4+ 33. Kxf4 b5) 32. Kf3 $1 Ne1+ ({Black should play} 32... gxf4 $15 33. Kxf4 Ne1) 33. Kf2 $11 Nc2 34. Kf3 (34. fxg5 $11 Nd4 35. Na4) 34... Ne1+ (34... gxf4 $15 35. Kxf4 Ne1) 35. Kf2 Nc2 36. Kf3 (36. fxg5 $11 Nd4 37. Na4) 36... Ne1+ {Accuracy: White = 64%, Black = 55%.} (36... gxf4 $15 37. Kxf4 Ne1) 1/2-1/2

[Event "Moscow Open RSSU Cup 2019"]
[Site "Moscow"]
[Date "2019.02.01"]
[Round "7"]
[White "Fedorov, Alexei"]
[Black "Mozharov, Mikhail"]
[Result "1/2-1/2"]
[WhiteElo "2557"]
[BlackElo "2549"]
[Annotator "TA"]
[PlyCount "24"]
[EventDate "2019.01.26"]
[EventType "swiss"]
[EventCountry "RUS"]
[SourceTitle "playchess.com"]
[Source "ChessBase"]
[SourceQuality "1"]

{[%evp 23,24,0,42]} 1. e4 c5 2. Nf3 Nc6 $146 ({Predecessor:} 2... e6 3. d4 cxd4 4. Nxd4 Nf6 5. Nc3 Nc6 6. Ndb5 d6 7. Bf4 e5 {½-½ (44) Eljanov,P (2703)-Schneider,I (2507) Douglas 2018}) 3. d4 cxd4 4. Nxd4 Nf6 5. Nc3 e5 6. Ndb5 d6 7. Bg5 a6 8. Na3 b5 9. Nd5 Qa5+ 10. Bd2 Qd8 11. Bg5 ({Predecessor:} 11. Bd3 Nxd5 12. exd5 Ne7 13. c4 g6 14. cxb5 Bg7 15. O-O O-O 16. Nc2 axb5 17. Bxb5 Rb8 18. a4 Nxd5 19. b4 Rxb5 20. axb5 Bb7 {½-½ (44) Eljanov,P (2703)-Schneider,I (2507) Douglas 2018}) 11... Qa5+ 12. Bd2 Qd8 1/2-1/2

[Event "Moscow Open RSSU Cup 2019"]
[Site "Moscow"]
[Date "2019.02.01"]
[Round "7"]
[White "Tsydypov, Zhamsaran"]
[Black "Savchenko, Boris"]
[Result "0-1"]
[WhiteElo "2545"]
[BlackElo "2562"]
[Annotator "TA"]
[PlyCount "56"]
[EventDate "2019.01.26"]
[EventType "swiss"]
[EventCountry "RUS"]
[SourceTitle "playchess.com"]
[Source "ChessBase"]
[SourceQuality "1"]

{[%evp 15,56,20,19,-6,20,22,10,-50,-27,-29,-27,-26,-18,-10,0,0,0,0,0,0,0,-19,-19,-36,50,38,35,42,37,29,34,-595,-589,-601,-597,-733,-726,-700,-693,-1295,-1280,-1749,-1706]} 1. e4 e6 2. d4 d5 3. Nc3 Bb4 4. e5 c5 5. a3 Bxc3+ 6. bxc3 Qa5 7. Bd2 Qa4 8. Qg4 Kf8 9. h4 {C18: French: 3 Nc3 Bb4: Main line: 7 h4 and 7 Qg4} Nc6 10. h5 h6 11. Bd3 $146 ({White should play} 11. Qd1 $11) ({Predecessor:} 11. Qd1 cxd4 12. Nf3 dxc3 13. Bxc3 g5 14. hxg6 Qe4+ 15. Be2 Qxg6 16. Qd2 Nge7 17. Bd3 Qxg2 18. Ke2 Qg4 19. Rh4 Qg7 20. Rg1 Ng6 21. Rf4 Nce7 22. Bb4 a5 23. Rxg6 {1-0 (23) Caruana,F (2804)-Lenderman,A (2599) Saint Louis 2018}) 11... Nxe5 ({Reject} 11... cxd4 $6 12. Qf4 $14) 12. Qf4 Nxd3+ 13. cxd3 c4 14. dxc4 Ne7 15. cxd5 Nxd5 16. Qd6+ Kg8 17. Nf3 b6 18. Ne5 Ba6 $36 {[%mdl 2048] Black has some pressure.} 19. Rc1 Kh7 (19... Rc8 $15) 20. Nxf7 $14 Rhf8 {White must now prevent ...Qc4.} 21. Ne5 ({Avoid the trap} 21. Qxe6 $2 Rae8 $19) 21... Rac8 {Hoping for ...Rxc3!} 22. f3 Rfe8 {Strongly threatening ...Rcd8.} 23. g4 $2 {[%mdl 8192]} (23. Ng4 $14 {stays ahead.}) 23... Rcd8 $19 {Black is clearly winning.} 24. Qc6 {[#]} Bb5 $1 {[%cal Rb5c6]} 25. Qb7 {Threatens to win with Qf7.} Re7 26. Qxe7 Nxe7 27. g5 Nc6 28. Nf7 {[#]} Qc4 $1 {Accuracy: White = 29%, Black = 64%.} 0-1

[Event "Moscow Open RSSU Cup 2019"]
[Site "Moscow"]
[Date "2019.02.01"]
[Round "7"]
[White "Potapov, Pavel"]
[Black "Schekachikhin, Maksim"]
[Result "*"]
[WhiteElo "2516"]
[BlackElo "2391"]
[Annotator "TA RC"]
[PlyCount "95"]
[EventDate "2019.01.26"]
[EventType "swiss"]
[EventCountry "RUS"]
[SourceTitle "playchess.com"]
[Source "ChessBase"]
[SourceQuality "1"]

{[%evp 9,95,27,24,25,20,10,18,14,20,18,35,35,33,34,446,20,243,8,264,4,10,18,16,11,16,20,29,0,27,7,23,15,20,32,24,22,49,34,51,50,85,66,76,69,105,96,95,55,62,62,91,59,57,50,50,51,58,58,102,100,105,112,683,685,1100,481,1340,1352,1285,1362,837,1357,1272,0,0,0,1325,1331,1045,1013,1297,1202,956,829,780,754,29997,419]} 1. e4 c6 2. d4 d5 3. e5 c5 4. dxc5 Nc6 5. Nf3 Bg4 6. c3 {B12: Caro-Kann: Advance Variation} a6 (6... e6 7. b4 a6 8. Nbd2 Nxe5 9. Qa4+ Nd7 10. Ne5 Ngf6 11. c4 a5 12. Nb3 axb4 13. Qb5 Be7 {0-1 (53) Topalov,V (2760)-Nakamura,H (2779) London 2016}) 7. Be3 Nxe5 8. Nbd2 {The position is equal.} Nf6 $146 ({Predecessor:} 8... Qc7 9. Be2 Nxf3+ 10. Nxf3 Nf6 11. O-O e6 12. b4 Be7 13. h3 Bxf3 14. Bxf3 {0-1 (38) Darini,P (2523)-Sokolov,I (2626) Bandar e Anzali 2017}) 9. Be2 Nxf3+ 10. Nxf3 e6 11. h3 Be7 $2 {[%mdl 8192]} (11... Bxf3 $14 12. Bxf3 Be7) 12. O-O $2 (12. hxg4 $18 Ne4 13. Qa4+ Kf8 14. c6) 12... O-O $2 (12... Bf5 $11) 13. b4 $2 ({White has to play} 13. hxg4 $18 Nxg4 14. Qd4 Nxe3 15. Qxe3) 13... Qc7 $2 {[%mdl 8192]} (13... Bf5 $11) 14. Qb3 $2 (14. hxg4 $18 {Strongly threatening g5.} Nxg4 15. Bd2) 14... Bxf3 (14... Bf5 {looks sharper.} 15. Bd4 Nd7 16. c4 dxc4 17. Qxc4 Be4) 15. Bxf3 Nd7 16. Rfd1 Bf6 17. Rac1 Rfd8 18. a3 h6 19. Be2 Ne5 20. c4 Nxc4 21. Bxc4 dxc4 22. Qxc4 Qc6 23. Qb3 Be5 24. a4 Qc7 25. b5 axb5 26. axb5 Rxd1+ 27. Rxd1 Rd8 28. Kf1 Rxd1+ 29. Qxd1 Kf8 30. Ke2 Ke7 31. Qa4 Qd7 $1 32. Qc4 Ke8 33. Qd3 Qc7 34. Qe4 {Hoping for b6.} f5 35. Qa4 {Black must now prevent f4.} Ke7 $2 {[%mdl 8192] [#]} (35... g5 $16) 36. f4 $1 $18 {[%cal Rf4e5]} Bf6 37. b6 (37. c6 $142) 37... Qd7 (37... Qc8 $142 38. c6 Kf8) 38. c6 $1 {[%cal Rc6d7]} Qd5 39. c7 Qxg2+ 40. Bf2 Bh4 41. Qa3+ $2 ({White must play} 41. c8=Q $18 Qxf2+ 42. Kd3 Qg3+ 43. Kc2 Qf2+ 44. Kb3 Qxb6+ 45. Kc4 Qa6+ 46. Qxa6 bxa6 47. Qc7+ Kf8 48. Qd7) 41... Kd7 $11 42. Qa4+ $2 {[%mdl 8192]} (42. Qc5 $11 Qxf2+ 43. Qxf2 Bxf2 44. Kxf2) 42... Ke7 $1 $18 43. c8=Q Qxf2+ 44. Kd1 Qf1+ 45. Kc2 {[#] Threatening mate with Qae8+.} Qf2+ 46. Kb1 {Qae8+ would kill now.} Qxb6+ 47. Ka2 {White wants to mate with Qae8+.} Kf6 48. Qf8+ {Accuracy: White = 45%, Black = 39%.} *

[Event "Moscow Open RSSU Cup 2019"]
[Site "Moscow"]
[Date "2019.02.01"]
[Round "7"]
[White "Drygalov, Andrey"]
[Black "Yeletsky, Ivan"]
[Result "*"]
[WhiteElo "2485"]
[BlackElo "2406"]
[Annotator "TA"]
[PlyCount "41"]
[EventDate "2019.01.26"]
[EventType "swiss"]
[EventCountry "RUS"]
[SourceTitle "playchess.com"]
[Source "ChessBase"]
[SourceQuality "1"]

{[%evp 11,41,16,24,29,30,20,19,13,9,11,19,10,18,4,22,0,90,100,191,-16,0,6,6,0,0,0,0,-6,22,21,16,19]} 1. e4 e5 2. Nf3 Nc6 3. Bc4 Nf6 $146 ({Predecessor:} 3... Bc5 4. O-O Nf6 5. d3 O-O 6. a4 a6 7. c3 Ba7 8. Re1 {½-½ (45) Vachier Lagrave,M (2791)-Aronian,L (2809) Saint Louis 2017}) 4. d3 Bc5 5. c3 a6 6. O-O Ba7 7. a4 {C54: Giuoco Piano: 4 c3 Nf6, main lines with 5 d4 and 5 d3} d6 8. Re1 O-O 9. h3 b5 10. Bb3 b4 11. a5 Rb8 12. Nbd2 {[%cal Bb1d2,Bd2c4,Bc4e5,Be5c6][%mdl 32]} Be6 13. Nc4 ({Predecessor:} 13. Bc2 h6 {½-½ (45) Vachier Lagrave,M (2791)-Aronian,L (2809) Saint Louis 2017}) 13... Nd7 {[#]} (13... Qc8 $11 {remains equal.}) 14. d4 $1 $16 {[%cal Rd4d5] And now d5 would win.} exd4 (14... bxc3 $16 {keeps fighting.} 15. d5 Nd4 16. Nxd4 Bxd4) 15. Nxd4 $2 ({White must play} 15. cxd4 $18 d5 16. Bg5) 15... Nce5 {The position is equal.} 16. Nxe5 Bxb3 17. Nec6 Bxd1 18. Nxd8 bxc3 19. bxc3 {[#] N8c6 is the strong threat.} Bxd4 20. cxd4 {Strongly threatening Nc6.} Rbxd8 21. Rxd1 {Accuracy: White = 48%, Black = 47%.} *

[Event "Moscow Open RSSU Cup 2019"]
[Site "Moscow"]
[Date "2019.02.01"]
[Round "7"]
[White "Golubov, Saveliy"]
[Black "Lysyj, Igor"]
[Result "0-1"]
[WhiteElo "2482"]
[BlackElo "2633"]
[Annotator "TA"]
[PlyCount "23"]
[EventDate "2019.01.26"]
[EventType "swiss"]
[EventCountry "RUS"]
[SourceTitle "playchess.com"]
[Source "ChessBase"]
[SourceQuality "1"]

{[%evp 9,23,-4,-2,-2,14,-43,-25,-20,-9,-14,-15,-17,-16,-16,-12,-14]} 1. d4 Nf6 2. Nf3 d5 ({Predecessor:} 2... c5 3. e3 cxd4 4. exd4 d5 {0-1 (46) Stubberud,O (2157)-Hansen,T (2319) Oslo 2006}) 3. e3 c5 4. b3 cxd4 5. exd4 Nc6 $146 (5... g6 6. Bb2 Bg7 7. Nbd2 O-O 8. Bd3 Nc6 9. a3 Nh5 10. O-O Nf4 11. Bb5 Bg4 12. h3 Bh5 13. Bxc6 bxc6 14. Re1 c5 15. Qc1 c4 16. Re3 {0-1 (46) Mamedyarov,S (2808)-Aronian,L (2764) Leuven 2018}) 6. Bb2 {D04: Colle System} g6 7. a3 ({Better is} 7. Bb5 $11) 7... Bf5 8. Bd3 {Black has an edge.} Bxd3 {The position is equal.} 9. Qxd3 Bg7 10. Nbd2 O-O 11. O-O Qb6 ({Predecessor:} 11... Rc8 12. Rfd1 Qc7 13. c4 dxc4 14. Nxc4 {0-1 (46) Stubberud,O (2157)-Hansen,T (2319) Oslo 2006}) 12. c4 {[%mdl 32768] Loss on time!?} 0-1